Zlatý rez a iné proporčné vzťahy zborník z odborného podujatia : 23.-24.1.2017 študentský odborný seminár

Bibliographic Details
Corporate Author: Zlatý rez a iné proporčné vzťahy Zvolen, Slovensko (Author)
Other Authors: Lizoňová, Edita (Editor), Chovan, Miroslav, 1973- (Editor), Tončíková, Zuzana (Editor)
Format: Conference Proceeding Software eBook
Language:Slovak
PhysicalDescription:1 DVD-ROM farebný 12 cm
Published: Zvolen Technická univerzita vo Zvolene 2017
ISBN:9788022830010
Edition:Vydanie: prvé
Subjects:

MARC

LEADER 00000nam a2200000 4500
001 vtls011768121
003 SK-MaSNL
005 20260301095906.0
007 co cg muuua
008 180723s2017 xo | fqn 100 0 slo
015 |a SNBS2019 
020 |a 9788022830010  |q (elektronická kniha) 
040 |a SNK  |b slo  |c SNK  |e rda 
041 0 |a slo 
044 |a xo  |c SK 
072 7 |a 7.01/.09  |x Umenie  |2 konspekt 
080 |a 7.05  |2 2011 
080 |a 7.013  |2 2011 
080 |a 514.112-021.263  |2 2011 
080 |a (062.534)  |2 2011 
080 |a (0.034.44)  |2 2011 
111 2 |a Zlatý rez a iné proporčné vzťahy  |d (2017 :  |c Zvolen, Slovensko)  |4 aut  |9 431941 
245 1 0 |a Zlatý rez a iné proporčné vzťahy  |b zborník z odborného podujatia : 23.-24.1.2017 študentský odborný seminár  |c editori: Edita Lizoňová, Miroslav Chovan, Zuzana Tončíková 
250 |a Vydanie: prvé 
264 1 |a Zvolen  |b Technická univerzita vo Zvolene  |c 2017 
300 |a 1 DVD-ROM  |b farebný  |c 12 cm 
336 |a text  |b txt  |2 rdacontent 
336 |a statický obraz  |b sti  |2 rdacontent 
337 |a počítač  |b c  |2 rdamedia 
338 |a počítačový disk  |b cd  |2 rdacarrier 
347 |a textový súbor  |b PDF  |b PowerPoint  |2 rda 
504 |a Obsahuje bibliografiu a prehľad výsledkov workshopu 
650 0 7 |a zlatý rez  |2 SNKPH  |9 84107 
650 0 7 |a geometrické proporcie  |2 SNKPH  |9 120028 
650 0 7 |a dizajn  |2 SNKPH  |9 762 
650 0 7 |a Golden section  |2 SNKPHeng  |9 431942 
650 0 7 |a Geometric proportions  |2 SNKPHeng  |9 331229 
650 0 7 |a Design  |2 SNKPHeng  |9 267116 
655 7 |a DVD  |2 SNKPH  |9 70751 
655 7 |a zborníky konferencií  |2 SNKPH  |9 70153 
655 7 |a Proceedings of conferences  |2 SNKPHeng  |9 265791 
700 1 |a Lizoňová, Edita  |4 edt  |9 431943 
700 1 |a Chovan, Miroslav,  |d 1973-  |4 edt  |9 207003 
700 1 |a Tončíková, Zuzana  |4 edt  |9 330899 
919 |a 978-80-228-3001-0 
958 |a NB 
999 |c 684449  |d 686379 
952 |a SNK  |b SNK  |y PREZ  |7 0  |p 17A1333945  |o snkSCDM 10066  |i snk2018/15639  |8 0  |0 0  |1 0  |4 0  |d 2018-07-23  |l 0  |r 2026-02-23 20:08:17  |w 2026-02-23 
952 |t snkZLA 7.05  |a SNKMST  |b SNKMST  |y PREZ  |7 0  |p 17A1333946  |o snkSCDM 10066 D1  |i snk2018/15640  |8 0  |0 0  |1 0  |4 0  |d 2018-07-23  |l 0  |r 2025-08-13 00:00:00  |w 2026-02-23